| 000 | 00607nam a2200181Ia 4500 | ||
|---|---|---|---|
| 003 | GCL | ||
| 008 | 140319s9999 xx 000 0 ara d | ||
| 040 |
_aGCL / _cGCL |
||
| 082 | 0 | 4 |
_a658.1149 _bم ب |
| 100 | 1 | _aمركز الدراسات والمعلومات القانوية | |
| 245 | 1 | 0 |
_aالبنك الدولى الحكومات وحقوق الانسان / _cمركز الدراسات والمعلومات القانوية |
| 300 | _a115 ص | ||
| 490 | _a | ||
| 650 | 0 | 4 | _aالتمويل الدولى |
| 650 | 0 | 4 | _aالبنوك الدولية |
| 650 | 0 | 4 | _aالبنك الدولى |
| 942 |
_2ddc _cBK |
||
| 999 |
_c38078 _d38078 |
||